[Event "Bogota Superate Intercol Adv B"]
[Site "Bogota"]
[Date "2014.10.28"]
[Round "4.8"]
[White "Maya Serrato, Dylan David"]
[Black "Ojeda Herrera, Luis Daniel"]
[Result "1-0"]
[WhiteElo "1803"]
[BlackElo "1599"]
[PlyCount "83"]
[EventDate "2014.10.28"]
[EventType "swiss (blitz)"]
[EventRounds "8"]
[EventCountry "COL"]
[SourceTitle "EXT 2024"]
[Source "ChessBase"]
[SourceDate "2023.10.10"]
[SourceVersion "1"]
[SourceVersionDate "2023.10.10"]
[SourceQuality "1"]

1. e4 e5 2. Nf3 Nc6 3. Bb5 a6 4. Ba4 Nf6 5. Qe2 b5 6. Bb3 d6 7. c3 Be7 8. d3 Na5 9. Bc2 c5 10. 0-0 Qc7 11. Rd1 0-0 12. Nbd2 Bg4 13. h3 Bxf3 14. Nxf3 Rfe8 15. Nh4 Nd5 16. Nf5 Nf4 17. Bxf4 exf4 18. Qg4 Bf8 19. Qxf4 g6 20. Ne3 Rad8 21. Nd5 Qb7 22. Nf6+ Kg7 23. Nxe8+ Rxe8 24. Re1 Nc6 25. a4 b4 26. a5 bxc3 27. bxc3 Qb2 28. Ba4 Rc8 29. Bxc6 Rxc6 30. Qc1 Qb7 31. Rb1 Qe7 32. Qb2 Kg8 33. Qb7 Rc7 34. Qxa6 Bg7 35. Rb8+ Bf8 36. Qb5 Qe5 37. Qc4 Qe7 38. a6 Ra7 39. Reb1 Qc7 40. R1b7 Rxb7 41. Rxb7 Qa5 42. Qxf7+ 1-0

[Event "Bogota Superate Intercol Adv-B"]
[Site "Bogota"]
[Date "2014.10.26"]
[Round "3.11"]
[White "Ojeda Herrera, Luis Daniel"]
[Black "Pena Marta, Dimas Jocias"]
[Result "0-1"]
[WhiteElo "1599"]
[BlackElo "1666"]
[PlyCount "186"]
[EventDate "2014.10.25"]
[EventType "swiss (rapid)"]
[EventRounds "6"]
[EventCountry "COL"]
[SourceTitle "EXT 2024"]
[Source "ChessBase"]
[SourceDate "2023.10.10"]
[SourceVersion "1"]
[SourceVersionDate "2023.10.10"]
[SourceQuality "1"]

1. e4 e5 2. Nf3 Nc6 3. d4 exd4 4. Nxd4 Bc5 5. Be3 Qf6 6. c3 Nge7 7. Nc2 Bb6 8. Bd3 0-0 9. Nd2 Ne5 10. Nf3 Bxe3 11. Nxe3 N7c6 12. Nxe5 Nxe5 13. 0-0 d6 14. f4 Nc6 15. Nd5 Qd8 16. Qh5 Be6 17. f5 Bxd5 18. exd5 Ne5 19. Bc2 Qf6 20. Rae1 Rae8 21. h3 Nc4 22. g4 Ne3 23. g5 Qe5 24. Rf3 g6 25. fxg6 fxg6 26. Bxg6 Rxf3 27. Qxh7+ Kf8 28. Qh6+ Ke7 29. Qh4 Ref8 30. Bd3 Qg3+ 31. Qxg3 Rxg3+ 32. Kh2 Rxg5 33. Rxe3+ Kd8 34. Bb5 Rxd5 35. Ba4 Rd2+ 36. Kg3 Rxb2 37. Bb3 c6 38. h4 d5 39. h5 Rh8 40. Re5 Rd2 41. Rg5 Rd3+ 42. Kf4 Rxc3 43. Kf5 Rh3 44. Bd1 Rh2 45. a4 Rf8+ 46. Ke6 Rh4 47. Rg6 Kc7 48. Ke7 Rh8 49. Rg5 Kb6 50. Kf7 d4 51. Kg7 Rc8 52. h6 Rc7+ 53. Kg6 c5 54. Bf3 Rd7 55. Bh5 d3 56. h7 Rxh5 57. Rxh5 d2 58. h8Q d1Q 59. Qb2+ Kc7 60. Rxc5+ Kb8 61. Qh2+ Qd6+ 62. Qxd6+ Rxd6+ 63. Kf5 Rc6 64. Re5 Kc7 65. a5 Rh6 66. Ke4 Rh4+ 67. Kd5 Ra4 68. Re7+ Kc8 69. Kd6 Rd4+ 70. Kc5 Rh4 71. Kd6 Rh6+ 72. Kc5 Rc6+ 73. Kb5 a6+ 74. Kb4 Kb8 75. Kb3 Ka7 76. Kb4 Rh6 77. Rc7 Rh4+ 78. Rc4 Rh1 79. Rc3 Kb8 80. Ka4 Rh6 81. Kb4 Rc6 82. Rxc6 bxc6 83. Kc4 Kb7 84. Kb4 Kc8 85. Kc4 Kd7 86. Kd4 Kd6 87. Kc4 c5 88. Kc3 Kd5 89. Kd3 c4+ 90. Kc3 Kc5 91. Kc2 Kb4 92. Kb2 Kxa5 93. Kc3 Kb5 0-1

[Event "Bogota Superate Intercol Adv-B"]
[Site "Bogota"]
[Date "2014.10.25"]
[Round "1.6"]
[White "Ojeda Herrera, Luis Daniel"]
[Black "Diaz Herrera, Leider Andres"]
[Result "0-1"]
[WhiteElo "1599"]
[BlackElo "1897"]
[PlyCount "102"]
[EventDate "2014.10.25"]
[EventType "swiss (rapid)"]
[EventRounds "6"]
[EventCountry "COL"]
[SourceTitle "EXT 2024"]
[Source "ChessBase"]
[SourceDate "2023.10.10"]
[SourceVersion "1"]
[SourceVersionDate "2023.10.10"]
[SourceQuality "1"]

1. d4 d5 2. e4 dxe4 3. Nc3 Nf6 4. f3 exf3 5. Nxf3 Bg4 6. Be3 e6 7. Be2 Bb4 8. 0-0 0-0 9. a3 Be7 10. h3 Bh5 11. Nh2 Bxe2 12. Qxe2 Nbd7 13. Rad1 c6 14. Nf3 Qa5 15. Bf2 Rac8 16. Ne4 Nxe4 17. Qxe4 Qd5 18. Qxd5 exd5 19. Rfe1 Bf6 20. c3 Rfe8 21. Bg3 h6 22. Kf2 g6 23. Bh2 Bg7 24. g4 Nf6 25. Nd2 Rxe1 26. Rxe1 Re8 27. Be5 Nd7 28. Bd6 Re6 29. Rxe6 fxe6 30. Nf3 Kf7 31. Ne5+ Nxe5 32. Bxe5 Bxe5 33. dxe5 g5 34. Ke3 Kg6 35. Kd4 b6 36. b4 Kf7 37. a4 Ke7 38. c4 c5+ 39. bxc5 dxc4 40. cxb6 axb6 41. Kxc4 Kd7 42. Kb4 Kc7 43. Kb5 Kb7 44. Kc4 Ka6 45. Kb4 Ka7 46. Kc4 Ka8 47. Kb4 Kb8 48. Kc4 Kb7 49. Kd4 Ka6 50. Kc4 Ka5 51. Kb3 b5 0-1